[Event "Cambridge op"]
[Site "Cambridge"]
[Date "2023.02.15"]
[Round "2"]
[White "Adams, George"]
[Black "Bryant, Harry"]
[Result "1-0"]
[WhiteElo "1494"]
[BlackElo "1686"]
[PlyCount "57"]
[EventDate "2023.02.15"]
[EventType "swiss"]
[EventRounds "9"]
[EventCountry "ENG"]
[SourceTitle "CBM 212 Extra"]
[Source "ChessBase"]
[SourceDate "2023.03.31"]
[SourceVersion "1"]
[SourceVersionDate "2023.03.31"]
[SourceQuality "1"]

1. d4 d5 2. Nf3 Nf6 3. Bf4 c5 4. e3 Nc6 5. c3 Qb6 6. Na3 a6 7. Qb3 Qxb3 8. axb3 e6 9. Nb5 Kd8 10. Ng5 Rg8 11. Nxf7+ Kd7 12. Ne5+ Nxe5 13. Bxe5 b6 14. Nc7 Ra7 15. Nxa6 Kd8 16. Bb5 Nd7 17. Bg3 Be7 18. 0-0 Nf6 19. Nb8 Rxa1 20. Rxa1 Ne4 21. Nc6+ Ke8 22. Ne5+ Kf8 23. Ra8 Nd6 24. Bd7 g6 25. Bxe6 Kg7 26. Bxg8 Kxg8 27. Nc6 Kf7 28. Bxd6 Bxd6 29. Rxc8 1-0

[Event "Hastings Masters op"]
[Site "Hastings"]
[Date "2022.12.30"]
[Round "3"]
[White "Kelly, Paul J"]
[Black "Bryant, Harry"]
[Result "1-0"]
[WhiteElo "1842"]
[BlackElo "1510"]
[PlyCount "65"]
[EventDate "2022.12.28"]
[EventType "swiss"]
[EventRounds "10"]
[EventCountry "ENG"]
[SourceTitle "CBM 212 Extra"]
[Source "ChessBase"]
[SourceDate "2023.03.31"]
[SourceVersion "1"]
[SourceVersionDate "2023.03.31"]
[SourceQuality "1"]

1. e4 c5 2. a3 g6 3. h4 Nc6 4. h5 Bg7 5. Bc4 e6 6. Nc3 Nge7 7. h6 Bf6 8. Qf3 Bxc3 9. bxc3 Qc7 10. d3 Qe5 11. Ne2 f5 12. Bf4 Qf6 13. Qg3 d5 14. e5 Qf7 15. Bb5 a6 16. Bxc6+ Nxc6 17. Bg5 b5 18. Bf6 Rg8 19. f4 b4 20. cxb4 cxb4 21. 0-0 Qa7+ 22. Kh2 Nd4 23. Nxd4 Qxd4 24. axb4 Qxb4 25. Rfb1 Qc3 26. Ra2 Bd7 27. Qg5 a5 28. Be7 Qc8 29. Rb3 a4 30. Rc3 Bc6 31. Bd6 Ra7 32. Rxa4 Rf7 33. Rb4 1-0